The realities of applying total quality management in the construction industry (Record no. 70869)
[ view plain ]
| 000 -LEADER | |
|---|---|
| fixed length control field | 01236cam a2200229 4500 |
| 001 - CONTROL NUMBER | |
| control field | ABS65773 |
| 008 - FIXED-LENGTH DATA ELEMENTS--GENERAL INFORMATION | |
| fixed length control field | 020801n2002 000 0 eng u |
| 035 ## - SYSTEM CONTROL NUMBER | |
| System control number | (Sirsi) u119140 |
| 100 ## - MAIN ENTRY--PERSONAL NAME | |
| Personal name | Abdul-Aziz, A.-R. |
| 245 #4 - TITLE STATEMENT | |
| Title | The realities of applying total quality management in the construction industry |
| 260 ## - PUBLICATION, DISTRIBUTION, ETC. | |
| Date of publication, distribution, etc. | 2002 |
| 490 ## - SERIES STATEMENT | |
| Series statement | Structural Survey |
| Volume/sequential designation | 20(2) 2002, 88-96(9) |
| 520 ## - SUMMARY, ETC. | |
| Summary, etc. | Japanese contractors have successfully adopted total quality management (TQM) in their domestic operations. Examines Japanese contractors operating abroad to conclude that TQM implementation in the construction industry is constrained by national markets which subscribe to a different quality culture and looks at contributory factors such as cost-based competitive bidding and the non-direct link between main contractors and site-operatives. Japanese contractors have shown TQM routines can be implemented provided that local norms and contracting practices are accommodated. [Taken from journal abstract]. |
| 590 ## - LOCAL NOTE (RLIN) | |
| Local note | ABS |
| 650 ## - SUBJECT ADDED ENTRY--TOPICAL TERM | |
| Topical term or geographic name entry element | COMPETITIVE TENDERING |
| 650 ## - SUBJECT ADDED ENTRY--TOPICAL TERM | |
| Topical term or geographic name entry element | CONSTRUCTION INDUSTRY |
| 650 ## - SUBJECT ADDED ENTRY--TOPICAL TERM | |
| Topical term or geographic name entry element | JAPAN |
| 650 ## - SUBJECT ADDED ENTRY--TOPICAL TERM | |
| Topical term or geographic name entry element | TOTAL QUALITY MANAGEMENT |
| 650 ## - SUBJECT ADDED ENTRY--TOPICAL TERM | |
| Topical term or geographic name entry element | SUBCONTRACTING |
| 690 ## - LOCAL SUBJECT ADDED ENTRY--TOPICAL TERM (OCLC, RLIN) | |
| Topical term or geographic name as entry element | QUALITY ASSURANCE |
| 942 ## - ADDED ENTRY ELEMENTS (KOHA) | |
| Suppress in OPAC | 0 |
| Withdrawn status | Lost status | Source of classification or shelving scheme | Damaged status | Not for loan | Home library | Current library | Shelving location | Date acquired | Total Checkouts | Full call number | Barcode | Date last seen | Copy number | Price effective from | Koha item type |
|---|---|---|---|---|---|---|---|---|---|---|---|---|---|---|---|
| Dewey Decimal Classification | London | London | Journal article | 01/08/2002 | ABS65773 | 119140-1001 | 06/08/2019 | 1 | 06/08/2019 | Journal article |